| 000 | 01132ngm a22003370a 4500 | ||
|---|---|---|---|
| 001 | PT38528 | ||
| 003 | AR-LpoUNG | ||
| 005 | 20210202000524.0 | ||
| 007 | vd cvaizq | ||
| 008 | 191001s1969||||ag |||||||||||||||||spa d | ||
| 040 |
_aAR-LpoUNG _bspa _cAR-LpoUNG _eaacr |
||
| 041 | _aspa | ||
| 044 | _aag | ||
| 082 | 0 | _a302.34 529pla | |
| 100 | 1 |
_aFischerman, Alberto _edir. |
|
| 245 | 1 | 4 | _aThe Players vs. Angeles Caídos |
| 260 |
_aBuenos Aires : _bBlackman, _c11 de Junio de 1969. |
||
| 300 | _aDVD (85 min.) : son., byn | ||
| 505 | 0 | _aElenco: Gioia Fiorentino, Leonor Galindo, Luis Barrón. - Guión: Alberto Fischerman. - Fotografía: Juan Carlos Desanzo. - Música: Roberto Lar. | |
| 520 | _aLa opera prima del director, con una estética cinematográfica diferente. Dos grupos de actores se disputan el mítico territorio de un estudio de cine. | ||
| 650 | 4 | _aCONFLICTOS | |
| 650 | 4 | _aINDUSTRIA CINEMATOGRAFICA | |
| 650 | 4 | _aRELACIONES HUMANAS | |
| 651 | 4 | _aArgentina | |
| 653 | _aCINE ARGENTINO | ||
| 653 | _aCINE EXPERIMENTAL | ||
| 653 | _aDVD | ||
| 653 | _aMISICAL | ||
| 905 | _a38528 | ||
| 942 | _cDVD | ||
| 999 |
_c55031 _d55031 |
||